Perspectives in environmental studies (Record no. 1612)

MARC details
000 -LEADER
fixed length control field 00531cam a2200193ua 4500
008 - FIXED-LENGTH DATA ELEMENTS--GENERAL INFORMATION
fixed length control field 110716n ii |||gr||||Z||||||eng
020 ## - INTERNATIONAL STANDARD BOOK NUMBER
International Standard Book Number 81-224-1548-2
040 ## - CATALOGING SOURCE
Transcribing agency MAIN
082 ## - DEWEY DECIMAL CLASSIFICATION NUMBER
Classification number 333.7
100 1# - MAIN ENTRY--PERSONAL NAME
Personal name Kaushik, Anubha,
Relator term
245 1# - TITLE STATEMENT
Title Perspectives in environmental studies
Statement of responsibility, etc. by Anubha Kaushik
250 ## - EDITION STATEMENT
Edition statement 1st.
260 ## - PUBLICATION, DISTRIBUTION, ETC.
Place of publication, distribution, etc. New Delhi:
Name of publisher, distributor, etc. new age international pvt. ltd ,
Date of publication, distribution, etc. 2004.
300 ## - PHYSICAL DESCRIPTION
Extent xiii; 260p:
Dimensions 25cm.
700 ## - ADDED ENTRY--PERSONAL NAME
Personal name Kaushik, C. P.,
Relator term
942 ## - ADDED ENTRY ELEMENTS (KOHA)
Koha item type Books
653 ## - INDEX TERM--UNCONTROLLED
Uncontrolled term Environmental science
Holdings
Withdrawn status Lost status Damaged status Not for loan Home library Current library Date acquired Total Checkouts Full call number Barcode Date last seen Date last checked out Copy number Price effective from Koha item type
        Central Library, Naharkatiya College Central Library, Naharkatiya College 19/09/2020 9 333.7 | KAU 3330 18/03/2025 12/03/2025 1 19/09/2020 Books

Naharkatiya College © 2020. All rights reserved.

Powered By